04224cam a22005054a 4500999001700000001000900017003000400026005001700030008004100047010001700088015001900105015001900124016002000143016001800163020002600181020002300207035002400230040006600254042000800320050002300328060001500351060002200366082001500388084001700403111010400420245013500524260010300659300006500762500017700827504005101004505114301055505100302198650003803201650003803239650005803277650005203335650004903387650003603436700002103472700002203493700002503515906004503540942001203585952012103597 c32199d3219915461063OSt20170120104840.0080922s2009 njuaf b 101 0 eng  a 2008041827 aGBA8855112bnb aGBA8855112dnb7 a1014848992DNLM7 a0146621222Uk a9780470193402 (cloth) a0470193409 (cloth) a(OCoLC)ocn256770428 aDNLM/DLCcDLCdNLMdC#PdUKMdYDXCPdBAKERdBTCTAdDEBBGdDLC apcc00aR857.M3bI525 200600a2009 K-78010aQT 37bI614a 200900a610.28222 aYI 32052rvk2 aInternational Conference on Design of Biomaterialsd(2006 :cIndian Institute of Technology Kanpur)10aAdvanced Biomaterials :bFundamentals, Processing, and Applications /cedited by Bikramjit Basu, Dhirendra Katti, and Ashok Kumar. aHoboken, N.J. :bJohn Wiley & Sons ;a[Westerville, Ohio] :bThe American Ceramic Society,cc2009. axxii, 746 p., [8] p. of plates :bill. (some col.) ;c25 cm. aThis volume is an outcome of the International Conference on Design of Biomaterials, organised at Indian Institute of Technology Kanpur, India during 8-11th December, 2006. aIncludes bibliographical references and index.0 aFundamentals of biomaterials and biocompatibility / Bikramjit Basu and Shekhar Nath -- Fundamentals of hydroxyapatite and related calcium phosphates / Racquel Zapanta LeGeros ... [et al.] -- Materials for orthopedic applications / Shekhar Nath and Bikramjit Basu -- The micro macroporous biphasic calcium phosphate concept for bone reconstruction and tissue engineering / Guy Daculsi, Franck Jegoux, and Pierre Layrolle -- Science and technology integrated titanium dental implant systems / Yoshiki Oshida and Elif Bahar Tuna -- Injectable hydrogels as biomaterials / Lakshmi S. Nair, Cato T. Laurencin, and Mayank Tandon -- Nanomaterials for improved orthopedic and bone tissue engineering applications / Lijie Zhang ... [et al.] -- Introduction to processing of biomaterials / Dhirendra S. Katti ... [et al.] -- Laser processing of orthopedic biomaterials / Rajarshi Banerjee and Soumya Nag -- Functionally graded all ceramic hip joint / Omer Van der Biest ... [et al.] -- Medical devices based on bioinspired ceramics / Pío González ... [et al.] -- Ionomer glasses : design and characterization / Artemis Stamboulis and Fei Wang --0 aDesigning nanofibrous scaffolds for tissue engineering / Neha Arya, Poonam Sharma, and Dhirendra S. Katti -- Design of supermacroporous biomaterials via gelation at subzero temperatures-cryogelation / Fatima M. Plieva ... [et al.] -- Biomaterial applications / Ashok Kumar, Akshay Srivastava, and Era Jain -- Cell-based nanocomposites and biomolecules for bone tissue engineering / Michelle Ngiam ... [et al.] -- Orthopedic interface tissue engineering : building the bridge to integrated musculoskeletal tissue systems / Helen H. Lu, Kristen L. Moffat, and Jeffrey P. Spalazzi -- Cells of the nervous system and electrical stimulation / Carlos Atico Ariza and Surya K. Mallapragada -- Placental umbilical cord blood : a true blood substitute / Niranjan Bhattacharya -- Supported cell mimetic monolayers and their blood compatibility / K. Kaladhar and Chandra P. Sharma -- Titanium nitride and diamond like carbon coatings for cardiovascular applications / C.V. Muraleedharan and G.S. Bhuvaneshwar. 0aBiomedical materialsvCongresses. 0aBiomimetic materialsvCongresses.12aBiocompatible Materialsxtherapeutic usevCongresses.22aBlood Substitutesxtherapeutic usevCongresses.22aNanostructuresxtherapeutic usevCongresses.22aTissue EngineeringvCongresses.1 aBasu, Bikramjit.1 aKatti, Dhirendra.1 aKumar, Ashok,d1963- a7bcbccorignewd1eecipf20gy-gencatlg 2ddccBK 00102ddc4070aSMMEbSMMEd2015-07-29l1o610.28 ADVpSMME-756q2022-03-24r2021-11-24s2021-11-24w2015-07-29yBK